[Event "R6R1 Ste Foy 2 / Vil.tol 2"]
[Site "Ste Foy"]
[Date "2002.10.13"]
[Round "1.2"]
[White "HERNANDEZ, Jeremy"]
[Black "PREST, Arnaud"]
[Result "0-1"]
[WhiteElo "1499"]
[BlackElo "1250"]
[PlyCount "172"]

1.e4 e5 2.Nf3 Nc6 3.Bc4 Nf6 4.Ng5 d5 5.exd5 Na5 6.d3 Nxc4 7.dxc4 c6 8.Nc3 
Bb4 9.Bd2 O-O 10.a3 Bxc3 11.Bxc3 cxd5 12.cxd5 Nxd5 13.Bxe5 Qxg5 14.Qxd5 
Rd8 15.Qe4 Re8 16.f4 Bf5 17.Qe3 Qe7 18.O-O-O Rac8 19.Rd2 f6 20.Qb3+ Kh8 
21.Bc3 Be6 22.Qa4 a6 23.Re1 Rc4 24.Qb3 Rxf4 25.Qb6 h6 26.Rde2 Qd7 27.Rxe6 
Rxe6 28.Qxe6 Qxe6 29.Rxe6 Rf2 30.Re7 Rxg2 31.Rxb7 Rxh2 32.Ra7 Rh1+ 33.Kd2 
Rg1 34.b4 h5 35.Rxa6 h4 36.Bxf6 h3 37.Be5 Rg5 38.Re6 Kg8 39.Bxg7 Kxg7 40.
Re3 Rg2+ 41.Kd3 Rh2 42.b5 Rh1 43.b6 h2 44.Rh3 Rd1+ 45.Kc4 h1=Q 46.Rxh1 
Rxh1 47.b7 Rb1 48.a4 Rxb7 49.a5 Kf7 50.a6 Rb2 51.c3 Ke7 52.Kc5 Kd7 53.a7 
Ra2 54.Kb6 Kc8 55.c4 Ra3 56.c5 Ra4 57.c6 Ra3 58.a8=Q+ Rxa8 59.c7 Ra2 60.
Kc6 Rc2+ 61.Kd6 Rxc7 62.Kd5 Kb7 63.Kd6 Rc1 64.Ke5 Rd1 65.Ke4 Kc6 66.Ke3 
Kc5 67.Ke4 Rd8 68.Ke3 Kc4 69.Ke2 Kc3 70.Ke1 Kc2 71.Ke2 Re8+ 72.Kf3 Kd2 73.
Kf4 Kd3 74.Kf5 Kd4 75.Kf6 Kd5 76.Kf7 Re1 77.Kf6 Re2 78.Kg5 Rf2 79.Kg4 Ke5 
80.Kg3 Rf8 81.Kg4 Rf7 82.Kh5 Rg7 83.Kh6 Rg1 84.Kh5 Kf4 85.Kh6 Kf5 86.Kh5 
Rh1# 0-1

[Event "R6R1 Foix / Muret 3"]
[Site "Foix"]
[Date "2002.10.13"]
[Round "1.2"]
[White "HEUDE, Jean-Noel"]
[Black "MASOT, Liberto"]
[Result "0-1"]
[WhiteElo "1499"]
[BlackElo "1790"]
[PlyCount "74"]

1.e4 d5 2.e5 c5 3.Bb5+ Nc6 4.d4 Qb6 5.Ba4 cxd4 6.Nf3 Qa5+ 7.c3 b5 8.Bb3 e6
9.O-O dxc3 10.Nxc3 b4 11.Ne2 Ba6 12.Re1 Bc5 13.Ned4 Nge7 14.Be3 O-O 15.Rc1
Rac8 16.Rc2 Nxd4 17.Bxd4 Nf5 18.Bxc5 Rxc5 19.Qd2 Rfc8 20.Rec1 h6 21.a3 
Rxc2 22.Rxc2 Rxc2 23.Bxc2 Qb5 24.Qd1 bxa3 25.bxa3 Ne7 26.Nd4 Qc4 27.Qb1 
Qxd4 28.Qb8+ Nc8 29.g3 Qa1+ 30.Kg2 Bf1+ 31.Kf3 Qc3+ 32.Kg4 h5+ 33.Kxh5 
Qxc2 34.Qb4 Qf5+ 35.Kh4 g5+ 36.Kh5 Be2+ 37.g4 Qg6# 0-1

[Event "R6R1 Tournefeuille 3 / Luchon"]
[Site "Tournefeuille"]
[Date "2002.10.13"]
[Round "1.3"]
[White "Debout, Christian"]
[Black "Percie du Sert, Maxime"]
[Result "0-1"]
[WhiteElo "1340"]
[BlackElo "1410"]
[EventDate "2002.??.??"]
[PlyCount "84"]

1.e4 e5 2.Nf3 Nc6 3.Bc4 Nf6 4.O-O Nxe4 5.Qe1 d5 6.Bb5 Bd6 7.d3 Nf6 8.Nxe5 
Bxe5 9.Qxe5+ Be6 10.d4 O-O 11.Qg3 Nxd4 12.Bd3 Bf5 13.Bxf5 Ne2+ 14.Kh1 
Nxg3+ 15.fxg3 Nh5 16.Nc3 d4 17.Ne2 c6 18.Nf4 Nxf4 19.gxf4 Qd5 20.Bd3 Rae8 
21.b3 Re7 22.Bb2 Rfe8 23.Rad1 c5 24.c3 Qe6 25.Kg1 dxc3 26.Bxc3 a6 27.Rde1 
Qxe1 28.Bxe1 Rxe1 29.Kf2 Rxf1+ 30.Bxf1 b5 31.Be2 Rd8 32.a4 c4 33.bxc4 bxa4
34.c5 Rc8 35.Bxa6 Rxc5 36.Bd3 a3 37.Bb1 Ra5 38.Ba2 Rb5 39.Bc4 Rb4 40.Bd5 
Rxf4+ 41.Ke3 Ra4 42.Kd3 a2 0-1

[Event "Regionale 5"]
[Site "?"]
[Date "2002.10.13"]
[Round "1"]
[White "Croux, Laurent"]
[Black "Artis, Paul"]
[Result "1/2-1/2"]
[WhiteElo "1710"]
[BlackElo "1499"]
[EventDate "2002.??.??"]
[Annotator "Millau - Colomiers"]
[PlyCount "60"]

1.e4 c6 2.d4 d5 3.Nc3 dxe4 4.Nxe4 Bf5 5.Ng3 Bg6 6.Nf3 e6 7.Ne5 Ne7 8.h4 h6
9.h5 Bh7 10.Bc4 Nd7 11.Ng4 Nd5 12.Qf3 N7f6 13.Ne5 Bxc2 14.O-O Qb6 15.Bxd5 
cxd5 16.Qc3 Ba4 17.Bd2 Bd6 18.b3 Bb5 19.Rfd1 O-O 20.a4 Ba6 21.b4 Bxe5 22.
dxe5 Ng4 23.Be3 Nxe3 24.fxe3 Bc4 25.a5 Qc7 26.e4 Rac8 27.Rac1 b5 28.exd5 
exd5 29.Rxd5 a6 30.Qd4 Qe7 1/2-1/2

[Event "N3 - Cahors / Tournefeuille"]
[Site "?"]
[Date "2002.10.13"]
[Round "1.3"]
[White "Marty, Damien"]
[Black "Aguirre, Simon"]
[Result "0-1"]
[WhiteElo "1970"]
[BlackElo "2172"]
[EventDate "2003.07.04"]
[PlyCount "54"]

1.e4 c5 2.c3 g6 3.d4 cxd4 4.cxd4 d5 5.e5 Bg7 6.Nc3 Nc6 7.Bb5 a6 8.Bxc6+ 
bxc6 9.Na4 f6 10.f4 Nh6 11.h3 fxe5 12.fxe5 Nf5 13.Nf3 Ng3 14.Nc5 Nxh1 15.
Bf4 O-O 16.Qd2 Qb6 17.O-O-O Nf2 18.Qxf2 Rxf4 19.g4 Rb8 20.b3 e6 21.Rd3 Rf7
22.Qh4 h6 23.g5 h5 24.Re3 Bd7 25.Nh2 Rbf8 26.Re2 Qb4 27.Kc2 Bc8 0-1

[Event "R6R1  Tournefeuille 3/ Luchon"]
[Site "Tournefeuille"]
[Date "2002.10.13"]
[Round "1.1"]
[White "Pinault, Ronan"]
[Black "Gales, Jacques"]
[Result "1-0"]
[WhiteElo "1550"]
[BlackElo "1499"]
[EventDate "2002.??.??"]
[PlyCount "91"]

1.Nf3 f5 2.d4 e6 3.c4 Nf6 4.Bg5 Be7 5.Nc3 O-O 6.e3 d6 7.Bd3 Nbd7 8.O-O Nb6
9.Rc1 d5 10.cxd5 exd5 11.Nh4 Ng4 12.Bxe7 Qxe7 13.Nxf5 Bxf5 14.Bxf5 Rxf5 
15.Qxg4 Qg5 16.Qxg5 Rxg5 17.Ne2 c6 18.Rfe1 Rf8 19.Ng3 Nc4 20.Rc2 Rg6 21.e4
Re8 22.f4 Rg4 23.Rf2 Nd6 24.e5 g5 25.Ref1 Ne4 26.Nxe4 dxe4 27.fxg5 e3 28.
Re2 Rf8 29.Rxf8+ Kxf8 30.Rxe3 Rxg5 31.Rg3 Rxg3 32.hxg3 Ke7 33.Kf2 Ke6 34.
Ke3 b6 35.Ke4 a5 36.g4 b5 37.g5 b4 38.Kf4 Kf7 39.Kf5 a4 40.e6+ Ke7 41.Ke5 
a3 42.bxa3 bxa3 43.d5 cxd5 44.Kxd5 Kd8 45.Kd6 Ke8 46.e7 1-0

[Event "R6R1 Cahors 2 / Rodez 2"]
[Site "CAHORS"]
[Date "2002.10.13"]
[Round "1.1"]
[White "Van Hall, Pieter"]
[Black "Flaujac, Benoit"]
[Result "0-1"]
[WhiteElo "1580"]
[BlackElo "1299"]
[EventDate "2002.??.??"]
[PlyCount "42"]

1.d4 d5 2.c4 Nf6 3.cxd5 Nxd5 4.Nf3 g6 5.e4 Nb6 6.Nc3 Bg7 7.Be3 O-O 8.h3 c6
9.Be2 Be6 10.b3 N8d7 11.Rc1 Rc8 12.Ng5 Nf6 13.Nxe6 fxe6 14.O-O a6 15.Bg4 
Kf7 16.d5 cxd5 17.Bxb6 Qxb6 18.exd5 Nxg4 19.Qxg4 Rxc3 20.dxe6+ Qxe6 21.
Qxe6+ Kxe6 0-1

[Event "Regionale 5"]
[Site "?"]
[Date "2002.10.13"]
[Round "1"]
[White "Lacresse, Regis"]
[Black "Kienlen, Gerard"]
[Result "1-0"]
[WhiteElo "1780"]
[BlackElo "1510"]
[EventDate "2002.??.??"]
[Annotator "Sainte Foy d'A-Montauban"]
[PlyCount "65"]

1.e4 d6 2.d4 g6 3.f4 Bg7 4.c3 e6 5.Nf3 Nf6 6.Bd3 O-O 7.O-O h6 8.h3 Nh7 9.
Be3 Kh8 10.Nbd2 f5 11.e5 d5 12.Qe1 Bd7 13.Nh4 Be8 14.g4 g5 15.Nxf5 exf5 
16.gxf5 Rg8 17.Kh2 Nd7 18.Qf2 g4 19.hxg4 Bf6 20.Rg1 a6 21.exf6 Ndxf6 22.g5
hxg5 23.fxg5 Nh5 24.Qh4 Bf7 25.Nf3 b5 26.Ne5 Qe7 27.Nxf7+ Qxf7 28.g6 Qe8 
29.Qxh5 Rg7 30.f6 Qd7 31.fxg7+ Qxg7 32.gxh7 Qe7 33.Qe5+ 1-0

[Event "Regionale 5"]
[Site "?"]
[Date "2002.10.13"]
[Round "1"]
[White "Jourda, Dominique"]
[Black "Boulogne, Laurent"]
[Result "0-1"]
[WhiteElo "1430"]
[BlackElo "1670"]
[EventDate "2002.??.??"]
[Annotator "Sainte Foy d'A-Montauban"]
[PlyCount "150"]

1.d4 d5 2.Nf3 Nf6 3.c4 c6 4.Nc3 a6 5.cxd5 cxd5 6.h3 e6 7.Bg5 Be7 8.e3 Nc6 
9.a3 b5 10.b4 Bb7 11.Bd3 Rc8 12.O-O Nxb4 13.Qd2 Nxd3 14.Qxd3 Ne4 15.Bxe7 
Qxe7 16.Rfc1 O-O 17.Nd2 Nd6 18.Nb3 Rc6 19.Nc5 Rfc8 20.Rcb1 Ne4 21.N3xe4 
dxe4 22.Qd2 Rd6 23.Qb4 Rb6 24.a4 Qc7 25.a5 Rc6 26.Rc1 Qd6 27.Rc3 R8c7 28.
Rac1 Qd5 29.R1c2 h5 30.h4 Bc8 31.Qb1 f5 32.Qd1 g6 33.f4 exf3 34.gxf3 Kh7 
35.e4 Qd6 36.e5 Qd5 37.f4 Bb7 38.Qe2 Qxd4+ 39.Qf2 Qd5 40.Rd3 Qxd3 41.Nxd3 
Rxc2 42.Qb6 R2c6 43.Qd4 Bc8 44.Qf2 Rc4 45.Qb6 Kg7 46.Qd6 R4c6 47.Qb4 Kf7 
48.Kf1 Rc4 49.Qd6 Rd7 50.Qa3 Rdd4 51.Ke2 b4 52.Qa1 Bd7 53.Nc5 Bb5 54.Ke3 
Rxf4 55.Qe1 Rg4 56.Qh1 Rxc5 57.Qb7+ Ke8 58.Qb8+ Kd7 59.Qd6+ Ke8 60.Qxc5 
Rc4 61.Qd6 Rc3+ 62.Kf4 Rc6 63.Qd2 b3 64.Qg2 Rc4+ 65.Ke3 Re4+ 66.Kf3 Rxe5 
67.Qxg6+ Kd7 68.Qg7+ Kd6 69.Qf8+ Kd5 70.Qd8+ Kc4 71.Qc7+ Rc5 72.Qf4+ Kc3 
73.Qe3+ Kb4 74.Qd4+ Bc4 75.Kf4 e5+ 0-1

[Event "R6R1  Condom 3 / Luchon 2"]
[Site "Condom"]
[Date "2002.10.13"]
[Round "1.1"]
[White "Monalo, Daniel"]
[Black "Breton, Yves"]
[Result "0-1"]
[WhiteElo "1480"]
[BlackElo "1980"]
[EventDate "2002.??.??"]
[PlyCount "68"]

1.e4 b6 2.d4 Bb7 3.Nc3 e6 4.Nf3 Bb4 5.Bd2 Bxc3 6.Bxc3 Bxe4 7.Bd3 Bxd3 8.
Qxd3 Nf6 9.O-O O-O 10.Bd2 d6 11.Bg5 Nbd7 12.Rfe1 Qc8 13.Rad1 a5 14.a4 Qa6 
15.c4 Rfb8 16.b3 d5 17.Rc1 Ne4 18.Bf4 Rc8 19.Ne5 Ndf6 20.f3 Nd6 21.Nc6 Kf8
22.Bg5 Nde8 23.f4 h6 24.Bh4 Ne4 25.Be7+ Kg8 26.Qh3 Qb7 27.Ne5 c5 28.Bh4 
cxd4 29.Red1 Nc3 30.Rc2 Nxd1 31.Qd3 Ne3 32.Rc1 dxc4 33.Qe2 cxb3 34.Rb1 Rc2
0-1

[Event "R6R1 Cahors 2 / Rodez 2"]
[Site "CAHORS"]
[Date "2002.10.13"]
[Round "1.2"]
[White "Malart, Jacques"]
[Black "Rouqual, Olivier"]
[Result "1/2-1/2"]
[WhiteElo "1499"]
[BlackElo "1510"]
[EventDate "2002.??.??"]
[PlyCount "79"]

1.c4 d5 2.cxd5 Qxd5 3.Nc3 Qd8 4.e4 Nf6 5.Nf3 Bg4 6.e5 Nd5 7.Bc4 Nxc3 8.
bxc3 e6 9.Be2 Nd7 10.d4 Be7 11.O-O O-O 12.h3 Bf5 13.Bd3 Bxd3 14.Qxd3 c5 
15.Rb1 b6 16.h4 cxd4 17.Ng5 Bxg5 18.Bxg5 Nxe5 19.Qg3 f6 20.cxd4 Qxd4 21.
Rbd1 Qg4 22.Bf4 Qxg3 23.Bxg3 Nc4 24.Rd7 Rfd8 25.Rb7 Nd2 26.Rc1 Ne4 27.Rcc7
Nxg3 28.Rxg7+ Kf8 29.Rgf7+ Kg8 30.Rg7+ Kh8 31.Rxh7+ Kg8 32.Rhg7+ Kf8 33.
Rh7 Rd1+ 34.Kh2 Nf1+ 35.Kh3 Rd3+ 36.g3 Kg8 37.Rhg7+ Kh8 38.Rh7+ Kg8 39.
Rbg7+ Kf8 40.Rb7 1/2-1/2

[Event "R6R1 Foix / Muret 3"]
[Site "Foix"]
[Date "2002.10.13"]
[Round "1.3"]
[White "Evrard, Emmanuel"]
[Black "Mas, Jean-louis"]
[Result "1-0"]
[WhiteElo "1580"]
[BlackElo "1380"]
[EventDate "2002.??.??"]
[PlyCount "69"]

1.e4 g6 2.d4 Bg7 3.Be3 d6 4.c3 Nf6 5.f3 O-O 6.Bd3 e6 7.Ne2 b6 8.Nd2 Ba6 9.
Bxa6 Nxa6 10.h4 c5 11.Nb3 c4 12.Nd2 b5 13.g4 h5 14.Ng3 Qc7 15.Bg5 Nh7 16.
gxh5 e5 17.hxg6 fxg6 18.d5 Nxg5 19.hxg5 Rf4 20.Qe2 Qe7 21.O-O-O Qxg5 22.
Rdg1 Rh4 23.Rxh4 Qxh4 24.Qg2 Qf6 25.Qh3 Kf7 26.Qd7+ Qe7 27.Qxb5 Nc5 28.
Qxc4 Rh8 29.Qe2 Bh6 30.Kb1 Bf4 31.Nc4 Qd7 32.Qg2 Na4 33.Ne2 Bh6 34.Qxg6+ 
Kf8 35.Qf6+ 1-0

[Event "N3 - Tournefeuille / Cahors"]
[Site "?"]
[Date "2002.10.13"]
[Round "1.2"]
[White "Daloz, Jean-Michel"]
[Black "Dervieux, Dominique"]
[Result "1-0"]
[WhiteElo "2180"]
[BlackElo "1890"]
[EventDate "2003.07.04"]
[PlyCount "51"]

1.d4 d6 2.Nf3 Nf6 3.c4 Nbd7 4.Nc3 e5 5.e3 Be7 6.Be2 c6 7.O-O O-O 8.Qc2 Re8
9.a3 Qc7 10.b4 b6 11.Bb2 Bb7 12.Rfd1 a6 13.c5 bxc5 14.bxc5 dxc5 15.dxe5 
Ng4 16.Rxd7 Qxd7 17.Bd3 g6 18.Ne4 Rad8 19.Bc4 Qf5 20.Qb3 Bc8 21.Ng3 Qd7 
22.Qc3 Bf8 23.e6 fxe6 24.Qh8+ Kf7 25.Qxh7+ Bg7 26.Qxg7# 1-0

[Event "R6R1 Loures Bar/ Vic Big.2"]
[Site "Loures Barousse"]
[Date "2002.10.13"]
[Round "1.4"]
[White "Laragnon, Florian"]
[Black "Cordier, Michel"]
[Result "0-1"]
[WhiteElo "1199"]
[BlackElo "1360"]
[EventDate "2002.??.??"]
[PlyCount "56"]

1.d4 Nf6 2.Nf3 e6 3.c3 b6 4.g3 Bb7 5.Bg2 c5 6.Be3 Be7 7.Nbd2 Ng4 8.Nf1 
Nxe3 9.Nxe3 cxd4 10.Qxd4 Bf6 11.Qg4 Qe7 12.O-O d5 13.Nd4 Nd7 14.f4 O-O 15.
Bh3 Rfe8 16.c4 dxc4 17.Rad1 Qc5 18.Rf3 Bxf3 19.Qxf3 Bxd4 20.Kf2 Nf6 21.g4 
Nd5 22.Bg2 Bxe3+ 23.Kg3 Bxf4+ 24.Kh3 g5 25.Qe4 Nf6 26.Qb7 Rad8 27.Rxd8 
Rxd8 28.Bf3 Qf2 0-1

[Event "R6R1 Cate 2 / Albi 2"]
[Site "CATE"]
[Date "2002.10.13"]
[Round "1.3"]
[White "DELAY, Guillaume"]
[Black "PEAUD-LENOEL, Daniel"]
[Result "1-0"]
[WhiteElo "1499"]
[BlackElo "1499"]
[PlyCount "89"]

1.e4 e5 2.Nf3 f6 3.Nc3 c6 4.Bc4 d6 5.O-O Bg4 6.h3 Bh5 7.d3 Nd7 8.g4 Bg6 9.
d4 Qe7 10.Be3 Nh6 11.d5 c5 12.Bb5 a6 13.Bd3 Bf7 14.g5 Ng8 15.a4 h6 16.gxh6
gxh6 17.Rb1 Bg6 18.b4 b6 19.a5 b5 20.Nh4 Qg7 21.Kh1 Ne7 22.Rg1 Qf7 23.Nxg6
Nxg6 24.Be2 Nh4 25.Bh5 Ng6 26.Bxg6 Qxg6 27.Rxg6 O-O-O 28.Qh5 Be7 29.Bxh6 
f5 30.exf5 Nf6 31.Qf3 Rde8 32.Bg7 Rh4 33.Bxf6 Bxf6 34.Rxf6 Reh8 35.Kh2 Rg8
36.Rxd6 Rf4 37.Rc6+ Kd7 38.Qh5 Rxf2+ 39.Kh1 Rgg2 40.Qf7+ Kd8 41.Qc7+ Ke8 
42.Re6+ Kf8 43.Qe7+ Kg8 44.Rg1 Rf1 45.Rxf1 1-0

[Event "R6R1 Condom 3 / Luchon 2"]
[Site "Condom"]
[Date "2002.10.13"]
[Round "1.2"]
[White "Aranda, Berenger"]
[Black "Anglezio, Antoine"]
[Result "1-0"]
[WhiteElo "1600"]
[BlackElo "1300"]
[EventDate "2002.??.??"]
[PlyCount "32"]

1.e4 e5 2.Nf3 Nc6 3.Bb5 Nf6 4.O-O Bd6 5.Re1 O-O 6.c3 Na5 7.d4 Nc4 8.Bxc4 
b6 9.dxe5 Bxe5 10.Nxe5 Re8 11.Nxf7 Qe7 12.Bg5 Qc5 13.Nd2 Kf8 14.Qf3 Bb7 
15.Bxf6 gxf6 16.Qxf6 Qc6 1-0

[Event "R6R1 Cate 2 / Albi 2"]
[Site "CATE"]
[Date "2002.10.13"]
[Round "1.2"]
[White "LOPEZ, Jacky"]
[Black "POUSSY, Daniel"]
[Result "1-0"]
[WhiteElo "1499"]
[BlackElo "1410"]
[PlyCount "103"]

1.d4 b6 2.e4 Bb7 3.Nc3 d5 4.exd5 Nf6 5.Nf3 Nxd5 6.Nxd5 Bxd5 7.Be3 e6 8.Be2
Bd6 9.O-O O-O 10.c4 Bb7 11.Qc2 Nd7 12.Rad1 Qe7 13.Rfe1 Nf6 14.Bg5 Be4 15.
Qxe4 Nxe4 16.Bxe7 Bxe7 17.Bd3 Nf6 18.Ne5 Bd6 19.b3 a5 20.a4 c5 21.dxc5 
Bxc5 22.Bc2 Bb4 23.Re2 Nh5 24.g3 Rfe8 25.Rd7 f6 26.Nc6 Bc5 27.Bd1 f5 28.
Red2 Nf6 29.R7d3 Ne4 30.Rc2 Ng5 31.Kg2 Nf7 32.Bf3 Rac8 33.h4 e5 34.Bd5 e4 
35.Rd1 e3 36.fxe3 Rxe3 37.Nd4 Kf8 38.Nxf5 Rxb3 39.Rf1 Ke8 40.Nxg7+ Kd8 41.
Rxf7 Bd6 42.Ne6+ Ke8 43.Nf4 Rc5 44.Re2+ Kd8 45.Ne6+ Kc8 46.Nxc5 Rxg3+ 47.
Kf1 Rg8 48.Ne4 Bb4 49.Ng5 Bc5 50.Rxh7 Rf8+ 51.Rf7 Rg8 52.Rc7+ 1-0

[Event "R6R1 Tournefeuille 3 / Luchon"]
[Site "Tournefeuille"]
[Date "2002.10.13"]
[Round "1.4"]
[White "SIMON, Alain"]
[Black "TARAVAUD, Evelyne"]
[Result "0-1"]
[WhiteElo "1499"]
[BlackElo "1370"]
[PlyCount "94"]

1.e4 e5 2.Nf3 Nc6 3.d3 Bc5 4.Be3 Bxe3 5.fxe3 Nf6 6.Nc3 d5 7.exd5 Nxd5 8.
Qd2 O-O 9.Ne4 Bg4 10.O-O-O a5 11.d4 exd4 12.exd4 Bxf3 13.gxf3 Nce7 14.Rg1 
Ng6 15.Ng5 h6 16.h4 Nxh4 17.Be2 Ng6 18.Rg3 Ndf4 19.Rdg1 hxg5 20.Rxg5 Qxd4 
21.Qxd4 Nxe2+ 22.Kb1 Nxd4 23.c3 Nxf3 24.R1g2 Nxg5 25.Rxg5 b6 26.c4 c5 27.
a4 Rad8 28.Rg3 Ne5 29.b3 Rd3 30.Rg5 f6 31.Rg2 Re8 32.Kc2 Kf7 33.Rf2 g5 34.
Rf1 Kg6 35.Rh1 Rd7 36.Re1 f5 37.Rh1 Nf3 38.Kc3 Re3+ 39.Kc2 Rd2+ 40.Kc1 
Rc3+ 41.Kb1 Rxb3+ 42.Kc1 Ra2 43.Rh3 g4 44.Rh8 Kg5 45.Rg8+ Kf4 46.Kd1 Rbb2 
47.Rd8 Ra1# 0-1

[Event "R6R1  Ste Foy 2 / Vil.Tol 2"]
[Site "Ste Foy"]
[Date "2002.10.13"]
[Round "1.1"]
[White "PASTOR, Quentin"]
[Black "BERTHALON, Jeremy"]
[Result "1/2-1/2"]
[WhiteElo "1270"]
[BlackElo "1130"]
[PlyCount "110"]

1.d4 d5 2.c4 e6 3.Nc3 Nc6 4.Nf3 Bb4 5.Bf4 Bxc3+ 6.bxc3 Nf6 7.e3 Ne4 8.cxd5
exd5 9.Bd3 Nxc3 10.Qc2 Ne4 11.Bxe4 dxe4 12.Qxe4+ Qe7 13.Qxe7+ Nxe7 14.Bxc7
Bg4 15.Ne5 Be6 16.O-O f6 17.Nd3 Bc4 18.Rfd1 Nd5 19.Rac1 Bxa2 20.Rd2 Rc8 
21.Rxa2 Rxc7 22.Rxc7 Nxc7 23.Rxa7 O-O 24.Rxb7 Ra8 25.g3 Nd5 26.e4 Ra3 27.
Nb4 Nc3 28.e5 Ne2+ 29.Kg2 Nxd4 30.f4 Rb3 31.Rb6 Nc2 32.Nd5 Rxb6 33.Nxb6 
fxe5 34.fxe5 Kf7 35.Kf3 Ke6 36.Ke4 Na3 37.Nd5 g5 38.h4 h6 39.Ne3 Nb5 40.
Nf5 Nc3+ 41.Kd4 Kxf5 42.Kxc3 Kxe5 43.Kd3 gxh4 44.gxh4 Kf4 45.Ke2 Kg4 46.
Kf2 Kxh4 47.Kg2 Kg4 48.Kg1 Kg3 49.Kh1 h5 50.Kg1 h4 51.Kh1 h3 52.Kg1 Kf3 
53.Kh1 Kg3 54.Kg1 h2+ 55.Kh1 Kh3 1/2-1/2

[Event "R6R1 Condom 3 / Luchon 2"]
[Site "Condom"]
[Date "2002.10.13"]
[Round "1.4"]
[White "LEFAUQUEUR, Alain"]
[Black "MARTIN, Pierre-Yves"]
[Result "1-0"]
[WhiteElo "1500"]
[BlackElo "1099"]
[PlyCount "91"]

1.e4 e5 2.Bc4 Nf6 3.Nc3 Nc6 4.Nf3 Bc5 5.O-O O-O 6.d3 d6 7.Be3 Be6 8.b3 b6 
9.Bxe6 Bxe3 10.Bxf7+ Rxf7 11.fxe3 Ng4 12.Qe1 Nb4 13.Qg3 Nxc2 14.Rac1 Ncxe3
15.Rfe1 h6 16.h3 Qd7 17.hxg4 Qxg4 18.Qxg4 Nxg4 19.Nd5 Rc8 20.Ne3 Nf6 21.
Nf5 Rd8 22.Rc6 Kf8 23.Rec1 Rdd7 24.a4 Ng4 25.b4 g6 26.Ng3 h5 27.a5 b5 28.
Ra6 c5 29.bxc5 dxc5 30.Ne1 Rd8 31.Rxc5 h4 32.Nf1 b4 33.Rxg6 Nf6 34.Rh6 Ng8
35.Rxh4 Re7 36.Rh3 Rb8 37.Nd2 b3 38.Nef3 Reb7 39.Nxe5 Ra8 40.Rf3+ Ke8 41.
Ng6 b2 42.Nb1 Rbb8 43.Rf8+ Kd7 44.Rd5+ Kc6 45.Ne5+ Kc7 46.Rd7# 1-0

[Event "Regionale 5"]
[Site "?"]
[Date "2002.10.13"]
[Round "1"]
[White "Lacroix, Romain"]
[Black "Levitt, Olivier"]
[Result "1/2-1/2"]
[WhiteElo "1840"]
[BlackElo "1800"]
[EventDate "2002.??.??"]
[Annotator "Castel Moissac 1 - CEIT"]
[PlyCount "85"]

1.e4 c5 2.Nf3 Nc6 3.d4 cxd4 4.Nxd4 g6 5.Nc3 Bg7 6.Be3 Nf6 7.Bc4 O-O 8.O-O 
Nxe4 9.Nxc6 bxc6 10.Nxe4 d5 11.Bd3 dxe4 12.Bxe4 Qc7 13.c3 Ba6 14.Re1 f5 
15.Bf3 e5 16.Qb3+ Kh8 17.Rad1 Rfd8 18.Rxd8+ Rxd8 19.Rd1 Bd3 20.Bg5 Rb8 21.
Qe6 e4 22.g3 Qc8 23.Qxc8+ Rxc8 24.Rd2 Re8 25.Be2 Bxe2 26.Rxe2 h6 27.Be3 
Rd8 28.Rd2 Rxd2 29.Bxd2 Kg8 30.Kf1 Kf7 31.Ke2 Ke6 32.Be3 a6 33.b3 g5 34.c4
Bb2 35.a4 Ba3 36.Bd2 c5 37.f3 Kf6 38.Ke3 exf3 39.Kxf3 Bb2 40.Be3 Ba3 41.
Bd2 Bb2 42.Be3 Ba3 43.Bd2 1/2-1/2

[Event "Regionale 5"]
[Site "?"]
[Date "2002.10.13"]
[Round "1"]
[White "Santoul, Pascal"]
[Black "Truong, Thierry"]
[Result "1-0"]
[WhiteElo "1370"]
[BlackElo "1380"]
[EventDate "2002.??.??"]
[Annotator "BlayeslesM - Montech"]
[PlyCount "59"]

1.e4 e5 2.Nf3 Nc6 3.Bc4 Nf6 4.d3 Bc5 5.O-O O-O 6.c3 d5 7.exd5 Nxd5 8.b4 
Be7 9.a3 Bg4 10.Bb2 f5 11.Nbd2 Kh8 12.Qe1 Bf6 13.Bb5 Qd7 14.Bxc6 Qxc6 15.
c4 e4 16.Bxf6 Nxf6 17.Ne5 Qe8 18.Nxg4 fxg4 19.dxe4 Rd8 20.e5 Nh5 21.e6 Rf6
22.e7 Rd7 23.Qc1 Qxe7 24.Re1 Qf8 25.Ne4 Rf4 26.Qc2 Rdf7 27.Ng5 R7f5 28.Ne6
Rxf2 29.Nxf8 Rxc2 30.Re8 1-0

[Event "Regionale 5"]
[Site "?"]
[Date "2002.10.13"]
[Round "1"]
[White "Bengueneb, Smail"]
[Black "Valat, Jean-Marie"]
[Result "1-0"]
[WhiteElo "1470"]
[BlackElo "1480"]
[EventDate "2002.??.??"]
[Annotator "BlayeslesM - Montech"]
[PlyCount "129"]

1.e4 e5 2.Nf3 Nc6 3.Nc3 Nf6 4.Bc4 h6 5.d3 Bb4 6.Bd2 Bc5 7.a3 O-O 8.O-O d6 
9.h3 Be6 10.Ba2 Qd7 11.Kh2 Ne7 12.Ng1 c6 13.f4 exf4 14.Bxf4 Ng6 15.Bxh6 
Ng4+ 16.hxg4 Bxg4 17.Qd2 gxh6 18.Qxh6 d5 19.exd5 Bd6+ 20.Kh1 Bf4 21.Rxf4 
Nxf4 22.Qxf4 Qf5 23.Qg3 Kg7 24.Ne4 Rh8+ 25.Nh3 Qg6 26.Qe5+ f6 27.Qc7+ Qf7 
28.Qh2 Bxh3 29.gxh3 cxd5 30.Rg1+ Kf8 31.Qg3 Qd7 32.Nf2 Rd8 33.Qg6 Rxh3+ 
34.Kg2 Rh7 35.Qxf6+ Rf7 36.Qh8+ Ke7 37.Qe5+ Kf8 38.Kf1 Qh3+ 39.Rg2 Qh1+ 
40.Rg1 Qh3+ 41.Ke1 Qh4 42.Qg3 Qf6 43.Qg8+ Ke7 44.Qg5 Kf8 45.Qxf6 Rxf6 46.
Rg2 Re8+ 47.Kd2 Rd6 48.b4 b6 49.Rg5 Red8 50.Nd1 a5 51.b5 d4 52.a4 Ke7 53.
Rf5 Kd7 54.Nf2 Kc7 55.Ne4 Rh6 56.Kc1 Kb8 57.Rf7 Kc8 58.Nf6 Rd6 59.Rf8+ Rd8
60.Be6+ Kc7 61.Nd5+ Rxd5 62.Bxd5 Rd6 63.Rf7+ Kd8 64.Bc6 Kc8 65.Rb7 1-0

[Event "R6R1  Foix / Muret 3"]
[Site "Foix"]
[Date "2002.10.13"]
[Round "1.1"]
[White "Lanllier, Bruno"]
[Black "Callejon, Bernard"]
[Result "1-0"]
[WhiteElo "1890"]
[BlackElo "1599"]
[EventDate "2002.??.??"]
[PlyCount "87"]

1.d4 Nf6 2.c4 d5 3.cxd5 Nxd5 4.e4 Nb6 5.Nf3 Bg4 6.Be2 e6 7.O-O Bd6 8.h3 
Bh5 9.Nc3 O-O 10.Be3 c6 11.Qb3 Bxf3 12.Bxf3 N8d7 13.Rfd1 Re8 14.a4 Qc7 15.
Rac1 a6 16.d5 exd5 17.exd5 c5 18.a5 Nc8 19.Ne4 Rb8 20.Nxd6 Nxd6 21.Bf4 b5 
22.Bg4 Nf6 23.Qg3 Rbd8 24.Bf3 Kh8 25.h4 h5 26.Be5 Ng4 27.Bxg4 hxg4 28.Bd4 
c4 29.Bb6 Qd7 30.Bxd8 Rxd8 31.Re1 f5 32.Re6 Ne4 33.Qe5 Qxd5 34.Qxd5 Rxd5 
35.Rxa6 Nc5 36.Rb6 Nb3 37.Re1 Nxa5 38.Re8+ Kh7 39.Re7 Rc5 40.Ra6 b4 41.
Raa7 c3 42.Rxg7+ Kh6 43.bxc3 bxc3 44.Rgc7 1-0

[Event "R6R1  Loures Bar/Vic Big.2"]
[Site "Loures Barousse"]
[Date "2002.10.13"]
[Round "1.1"]
[White "Oriot, Patrice"]
[Black "Dintrans, Francois"]
[Result "1-0"]
[WhiteElo "1960"]
[BlackElo "1499"]
[EventDate "2002.??.??"]
[PlyCount "61"]

1.e4 e5 2.Nf3 d6 3.d4 f6 4.dxe5 fxe5 5.Nxe5 Qe7 6.Nf3 Nf6 7.Bd3 d5 8.e5 h6
9.Bg6+ Kd8 10.O-O c6 11.exf6 Qxf6 12.Qd3 Bd6 13.Be3 b6 14.Bd4 Qf4 15.Bxg7 
Bg4 16.Nbd2 Rg8 17.g3 Qb4 18.Bf6+ Kc7 19.a4 c5 20.Bc3 c4 21.Qxd5 Qc5 22.
Qxg8 Na6 23.Qxa8 Nb4 24.Qxa7+ Kc6 25.Be4+ Nd5 26.Nd4+ Qxd4 27.Bxd4 Bb4 28.
Qxb6+ Kd7 29.Bxd5 Bxd2 30.Bf6 c3 31.Qd8# 1-0

[Event "R6R1 Condom 3 / Luchon 2"]
[Site "Condom"]
[Date "2002.10.13"]
[Round "1.3"]
[White "Cayrey, Ludovic"]
[Black "Moreau, Philippe"]
[Result "0-1"]
[WhiteElo "1100"]
[BlackElo "1580"]
[EventDate "2002.??.??"]
[PlyCount "60"]

1.e4 g6 2.Nc3 Bg7 3.d3 d6 4.Nf3 c5 5.d4 Qc7 6.Bb5+ Bd7 7.Bxd7+ Nxd7 8.Be3 
e6 9.O-O O-O-O 10.Nb5 Qb6 11.a4 Ne7 12.c3 a6 13.Na7+ Qxa7 14.dxc5 dxc5 15.
Qd6 Nc6 16.Bxc5 Qxc5 17.Qxc5 Nxc5 18.Ng5 f6 19.Nf7 Nb3 20.Ra3 Nd2 21.Rd1 
Nf3+ 22.gxf3 Rxd1+ 23.Kg2 Rf8 24.Nd6+ Rxd6 25.Rb3 f5 26.Rb6 fxe4 27.c4 
exf3+ 28.Kf1 Kc7 29.a5 Nxa5 30.c5 Rd1# 0-1

[Event "R6R1 Cate 2 / Albi 2"]
[Site "CATE"]
[Date "2002.10.13"]
[Round "1.4"]
[White "Grondin, Luciano"]
[Black "Portois, Valentin"]
[Result "1-0"]
[WhiteElo "1340"]
[BlackElo "1199"]
[EventDate "2002.??.??"]
[PlyCount "73"]

1.c4 e5 2.Nc3 Nc6 3.a3 d6 4.e3 Bf5 5.Nf3 e4 6.Qc2 Qe7 7.Nd4 Qd7 8.Nxf5 
Qxf5 9.Nd5 Qd7 10.Be2 O-O-O 11.Qxe4 Re8 12.Qf3 Kb8 13.d4 Nge7 14.Qxf7 h6 
15.Bg4 Qd8 16.O-O Na5 17.Nxe7 Bxe7 18.b4 Nb3 19.Rb1 Ref8 20.Qe6 Rf6 21.Qd7
Rhf8 22.Qxd8+ Bxd8 23.Rxb3 g6 24.Bb2 h5 25.Bf3 Rf5 26.Be4 R5f6 27.d5 R6f7 
28.Bxg6 Re7 29.Bxh5 Rh7 30.Bg4 Bf6 31.Bxf6 Rxf6 32.e4 Rg6 33.Bf5 Rgg7 34.
Bxh7 Rxh7 35.Rh3 Rd7 36.Rh8+ Rd8 37.Rxd8# 1-0

[Event "N3 - Cahors / Tournefeuille"]
[Site "?"]
[Date "2002.10.13"]
[Round "1.1"]
[White "Nivat, Alain"]
[Black "Genestous, Patrick"]
[Result "1-0"]
[WhiteElo "2000"]
[BlackElo "2110"]
[EventDate "2003.07.04"]
[PlyCount "29"]

1.e4 e5 2.Nf3 Nc6 3.Bc4 Bc5 4.b4 Bxb4 5.c3 Be7 6.d4 exd4 7.Qb3 Kf8 8.Bxf7 
Nf6 9.e5 Na5 10.Qa4 Kxf7 11.Qxa5 Re8 12.O-O Ng8 13.e6+ dxe6 14.Qh5+ Kf8 
15.Ne5 1-0